000 00505nmm a2200169Ia 4500
008 251105s9999||||xx |||||||||||||||||und||
020 _a8470308580
041 _aspa
100 _aArana, Juan
245 0 _aLa eternidad de lo efímero :
_b Ensayos sobre Jorge Luis Borges
264 _a[Madrid, España] :
_bBiblioteca Nueva,
_c2000
300 _a154 páginas
490 _aEnsayo Pensamiento
650 _aPhilosophy, Ethics
856 _uhttps://public.digitaliapublishing.com/a/4726
942 _cCF
999 _c73210
_d73210